000 00979nam a2200277Ia 4500
001 Para_1150
003 CHAP
008 220125s1997 xx 000 0 und d
010 _a199876
040 _cCHAP
090 _aPA TESIS 1116
100 _aAscención Betanzos, Guadalupe
_97868
245 _aMateriales organicos solos e incorporados a suelos con diferentes niveles de humedad como sustratos de pupación para Anastrepha ludens (Loew), (Dipera :
_b Tetphritidae) /
_c por Guadalupe Ascención Betanzos
260 _aChapingo, Méx. :
_b El autor
300 _a50 h.
502 _aTesis (Ing. Agr. Esp. en Parasitología Agrícola), UACh. Depto. Parasitología
650 _aAnastrepha ludens
_95487
710 _aUACh. Departamento Parasitología Agrícola
_9164025
901 _aPA TESIS 1116
902 _aA
905 _a0000001997 0000000000 00
910 _a1997
942 _cPARA
942 _cPARA
_d1
999 _c199876
_d199876